| 000 | 00768nam a2200229 4500 | ||
|---|---|---|---|
| 999 |
_c13400 _d13400 |
||
| 003 | MIRAKIL | ||
| 005 | 20211214000615.0 | ||
| 008 | 190710b tu ||||| |||| 00| 0 tur d | ||
| 020 | _a9758009001 | ||
| 040 |
_aTR-AnCHP _cTR-AnCHP |
||
| 041 | _atur | ||
| 082 |
_aATA 320.9561 _bK29u 1995 |
||
| 100 | _aKaynar, Reşat | ||
| 245 | 1 | 0 |
_aUlusal egemenliğin 75. yılında Atatürk düşüncesi ve gençlerin sorunları / _cReşat Kaynar - Necdet Sakaoğlu |
| 260 |
_aİstanbul: _bAçı yayıncılık, _c1995. |
||
| 300 |
_a238 s.: _c20 sm. |
||
| 504 | _aKaynakça 1. bölüm sonundadır. | ||
| 600 | 1 | 4 |
_91465 _aAtatürk, Gazi Mustafa Kemal _d1881-1938 |
| 650 | 0 |
_aSiyaset ve yönetim _xTürkiye _zTürkiye _99 |
|
| 700 |
_95874 _aSakaoğlu, Necdet |
||
| 942 |
_2ddc _cBKS |
||